Менеджмент и маркетинг, ориентированный на стоимость: учебник для вузов

מידע ביבליוגרפי
מחבר ראשי: Данько Т. П.
מחברים אחרים: Голубев М. П.
סיכום:Рассматриваются проблемы современного менеджмента и маркетинга в период глобализации, принципы и драйверы создания стоимости, роль корпоративных действий в реализации стратегических программ маркетинга, реформирование корпораций как путь создания стоимости. Особое внимание уделяется корпоративным действиям по управлению активами, принципам и процедурам финансового управления реструктуризацией и др. Для студентов-магистров, аспирантов, преподавателей высших учебных заведений.
שפה:רוסית
יצא לאור: Москва, Инфра-М, 2014
סדרה:Высшее образование - Магистратура
נושאים:
פורמט: MixedMaterials ספר
KOHA link:https://koha.lib.tpu.ru/cgi-bin/koha/opac-detail.pl?biblionumber=253974

MARC

LEADER 00000nam0a2200000 4500
001 253974
005 20231101232907.0
010 |a 9785160038636 
035 |a (RuTPU)RU\TPU\book\276395 
090 |a 253974 
100 |a 20140318d2014 m y0rusy50 ca 
101 0 |a rus 
102 |a RU 
105 |a a j 001zy 
200 1 |a Менеджмент и маркетинг, ориентированный на стоимость  |e учебник для вузов  |f Т. П. Данько, М. П. Голубев 
210 |a Москва  |c Инфра-М  |d 2014 
215 |a 416 с.  |c ил. 
225 1 |a Высшее образование - Магистратура 
320 |a Библиогр.: с. 411-415. 
330 |a Рассматриваются проблемы современного менеджмента и маркетинга в период глобализации, принципы и драйверы создания стоимости, роль корпоративных действий в реализации стратегических программ маркетинга, реформирование корпораций как путь создания стоимости. Особое внимание уделяется корпоративным действиям по управлению активами, принципам и процедурам финансового управления реструктуризацией и др. Для студентов-магистров, аспирантов, преподавателей высших учебных заведений. 
606 1 |a Производственный менеджмент  |2 stltpush  |3 (RuTPU)RU\TPU\subj\68602  |9 83809 
610 1 |a менеджмент 
610 1 |a маркетинг 
610 1 |a стоимость 
610 1 |a управление 
610 1 |a корпорации 
610 1 |a реформирование 
610 1 |a активы 
610 1 |a корпоративные действия 
610 1 |a маркетинговые стратегии 
610 1 |a учебники 
686 |a У9(2)29-2я73  |v LBC/SL-A  |2 rubbk 
700 1 |a Данько  |b Т. П. 
701 1 |a Голубев  |b М. П. 
801 1 |a RU  |b 63413507  |c 20140318 
801 2 |a RU  |b 63413507  |c 20150626  |g RCR 
942 |c BK 
959 |a 51/20140317  |d 2  |e 749,90  |f ЧЗГЛ:1  |f АНЛ:1